Fundamentals of Limit Analysis of Structures (Record no. 55751)

MARC details
000 -LEADER
fixed length control field 00424nam a2200169Ia 4500
008 - FIXED-LENGTH DATA ELEMENTS--GENERAL INFORMATION
fixed length control field 230524s9999 xx 000 0 und d
020 ## - INTERNATIONAL STANDARD BOOK NUMBER
ISBN 9789383182183
082 ## - DEWEY DECIMAL CLASSIFICATION NUMBER
Item number SEL
100 ## - MAIN ENTRY--AUTHOR NAME
Personal name V.K. Manicka Selvam
245 #0 - TITLE STATEMENT
Title Fundamentals of Limit Analysis of Structures
250 ## - EDITION STATEMENT
Edition statement 1
260 ## - PUBLICATION, DISTRIBUTION, ETC. (IMPRINT)
Place of publication New Delhi
Name of publisher Dhanpat Rai
Year of publication 2014
300 ## - PHYSICAL DESCRIPTION
Number of Pages "viii,359p;"
500 ## - GENERAL NOTE
General note Quantity Number: 7
650 ## - SUBJECT ADDED ENTRY--TOPICAL TERM
Topical Term Civil
942 ## - ADDED ENTRY ELEMENTS (KOHA)
Koha item type Books
Holdings
Lost status Damaged status Permanent Location Current Location Shelving location Date acquired Full call number Accession Number Koha item type
    Central Library, Trident Academy of Technology Central Library, Trident Academy of Technology General Stacks 05/24/2023 SEL 52975 Books
    Central Library, Trident Academy of Technology Central Library, Trident Academy of Technology General Stacks 05/24/2023 SEL 52976 Books
    Central Library, Trident Academy of Technology Central Library, Trident Academy of Technology General Stacks 05/24/2023 SEL 53318 Books
    Central Library, Trident Academy of Technology Central Library, Trident Academy of Technology General Stacks 05/24/2023 SEL 53319 Books
    Central Library, Trident Academy of Technology Central Library, Trident Academy of Technology General Stacks 05/24/2023 SEL 53320 Books
    Central Library, Trident Academy of Technology Central Library, Trident Academy of Technology General Stacks 05/24/2023 SEL 53321 Books
    Central Library, Trident Academy of Technology Central Library, Trident Academy of Technology General Stacks 05/24/2023 SEL 53322 Books
Trident Academy of Technology © 2023.
All rights reserved.                                                                                                                                                                                                        Designed by Team of Central Library .

Powered by Koha